Web Application for IoT Purposes Using the Python Programming Language and Communication via WebSockets

Uložené v:
Podrobná bibliografia
Hlavný autor: Zrinji, Dragana (Autor)
Ďalší autori: Bisták, Pavol (Vedúci práce)
Médium: Rukopis Kniha
Jazyk:Slovak
English
Vydavateľské údaje: Bratislava : STU v Bratislave FEI, 2023
Predmet:
On-line prístup:https://opac.crzp.sk/?fn=detailBiblioFormChildUE9C1&sid=C0DEB8E07572332BA32A0915805F&seo=CRZP-detail-kniha
Tagy: Pridať tag
Žiadne tagy, Buďte prvý, kto otaguje tento záznam!

MARC

LEADER 00000ntm a22000003a 4500
001 stuzp90965
003 SK-STU
005 20241126104011.6
007 ta
008 150427s2015----xo-----f-mn---000-0-slo-d
040 |a STU  |b slo 
041 0 |a eng 
044 |a xo 
100 1 |a Zrinji, Dragana  |u 035000  |4 aut  |U FEI Fakulta elektrotechniky a informatiky  |T FEI Ústav informatiky a matematiky  |X 92393  |U E050  |Y 816  |7 92393 
242 0 1 |a Webová aplikácia pre účely IoT s využitím programovacieho jazyka Python a komunikácie prostredníctvom Websocketov  |y slo 
245 1 0 |a Web Application for IoT Purposes Using the Python Programming Language and Communication via WebSockets 
260 |a Bratislava :  |b STU v Bratislave FEI,  |c 2023 
300 |a 83 s. 
650 4 |a Python  |2 slo 
650 4 |a Internet vecí  |2 slo 
650 4 |a Websocket  |2 slo 
650 4 |a Dash  |2 slo 
650 4 |a Internet of Things  |2 eng 
650 4 |a Python  |2 eng 
650 4 |a Websocket  |2 eng 
650 4 |a Dash  |2 eng 
700 1 |a Bisták, Pavol  |u 030400  |k Z1  |4 ths  |U FEI Fakulta elektrotechniky a informatiky  |T FEI Ústav automobilovej mechatroniky  |X 3708  |U E400  |Y 642  |7 A000003708 
856 4 |u https://opac.crzp.sk/?fn=detailBiblioFormChildUE9C1&sid=C0DEB8E07572332BA32A0915805F&seo=CRZP-detail-kniha